00342nam a2200133Ia 4500003000400000005001700004008004100021040001800062041000800080100004900088110001500137245003600152260002000188OSt20230525105221.0211028s2018 xx 000 0 und d cAIMIT LIBRARY aeng aChavan, Shubham Mahesh; Thomas, C G.e161908 aC G Thomas aPost-retirement medical scheme. aMangaluruc2018